000 01131 a2200337 4500
001 37881
005 20260407155645.0
008 260407a1977 arg spa d
003 AR-UNSa-BCEJYS
040 _aAR-UNSa-BCEJYS
_bspa
_cAR-UNSa-BCEJYS
080 _a330(82)
_xEconomia Argentina
245 1 0 _aLa economía argentina
264 1 _aBuenos Aires :
_bEditorial de Belgrano
_c1977
300 _a266 p.
_c20 cm.
505 _a1. Finanzas internacionales - 2. Las empresas públicas - 3. Función de las industrias básicas - 4. La inversión extranjera - 5. Economía y tecnología - 6. El régimen fiscal - 7. El manejo de la moneda
041 _aspa
942 _cBK
590 _aniveau_biblio:m niveau_hierar:0
100 1 _aFerrer, Aldo
700 1 _aSan Miguel, Manuel
700 1 _aAlemann, Roberto T.
700 1 _aLicciardo, Cayetano Antonio
700 1 _aFrigerio, Rogelio
700 1 _aSan Martín, Salvador
700 1 _aOria, Jorge S.
700 1 _aBenchetrit, Marcelo
700 1 _aKatz, Jorge M.
700 1 _aBosch, Horacio
700 1 _aCuello, Raúl E.
700 1 _ade la Vega, Carlos
999 _c2829
_d2829